Kannaḍa sāhityadalli hāsya. (Record no. 66589)

MARC details
000 -LEADER
fixed length control field 00860cam a22002891 4500
001 - CONTROL NUMBER
control field sa 65010159
003 - CONTROL NUMBER IDENTIFIER
control field DLC
005 - DATE AND TIME OF LATEST TRANSACTION
control field 20260227112206.0
008 - FIXED-LENGTH DATA ELEMENTS--GENERAL INFORMATION
fixed length control field 891005s1965 ii b 000 0 kano
010 ## - LIBRARY OF CONGRESS CONTROL NUMBER
LC control number sa 65010159
035 ## - SYSTEM CONTROL NUMBER
System control number (OCoLC)20445409
040 ## - CATALOGING SOURCE
Original cataloging agency DLC
Transcribing agency WaU
Modifying agency DLC
042 ## - AUTHENTICATION CODE
Authentication code premarc
043 ## - GEOGRAPHIC AREA CODE
Geographic area code a-ii---
050 00 - LIBRARY OF CONGRESS CALL NUMBER
Classification number PL4650
Item number .S8
100 1# - MAIN ENTRY--PERSONAL NAME
Personal name Sunkapur, M. S.
245 10 - TITLE STATEMENT
Title Kannaḍa sāhityadalli hāsya.
Remainder of title Humour in Kannada literature.
260 ## - PUBLICATION, DISTRIBUTION, ETC.
Date of publication, distribution, etc. [1965]
300 ## - PHYSICAL DESCRIPTION
Extent 16, 356, 4, xiii p.
Dimensions 26 cm.
490 1# - SERIES STATEMENT
Series statement Karnatak University. Research series,
Volume/sequential designation 6
500 ## - GENERAL NOTE
General note In Kannada.
502 ## - DISSERTATION NOTE
Dissertation note Thesis--Karnatak Unviersity.
504 ## - BIBLIOGRAPHY, ETC. NOTE
Bibliography, etc. note Bibliography: p. [1]-4 (3d group)
650 #0 - SUBJECT ADDED ENTRY--TOPICAL TERM
Topical term or geographic name entry element Kannada literature
General subdivision History and criticism.
650 #0 - SUBJECT ADDED ENTRY--TOPICAL TERM
Topical term or geographic name entry element Kannada wit and humor.
830 #0 - SERIES ADDED ENTRY--UNIFORM TITLE
Uniform title Karnatak University research series ;
Volume/sequential designation 6.

No items available.

Powered by Koha